• 首页
  • 本馆介绍
  • 公告通知
  • 最新文献
  • 馆藏检索
  • 电子资源
  • 读者导购
  • 参考咨询
  • 我的图书馆
  • 登录
  • 详细信息显示
  • 放入我的书架
  • 预约/预借图书
  • 作者相关作品
  • 分类相关作品
  • 丛书相关作品
  • 出版社相关作品

书目信息

  • 表格格式
  • 工作单格式
  • 卡片格式
题名:
中国工业建筑遗产调查、研究与保护
    
 
作者: 朱文一 , 刘伯英 主编
分册: 五   2014年中国第五届工业建筑遗产学术研讨会论文集
出版信息: 北京   清华大学出版社  2015.10
页数: 531页
开本: 26cm
丛书名:
单 册:
中图分类: TU27-53
科图分类:
主题词: 工业建筑--文化遗产--调查研究--中国--2014--文集
电子资源:
ISBN: 978-7-302-41443-8
000 01554nam0 2200265 450
001 0400002578
005 20171026084943.93
010    @a978-7-302-41443-8@dCNY98.00
100    @a20151126d2015 em y0chiy0110 ea
101 0  @achi
102    @aCN@b110000
105    @aa z 000yy
106    @ar
200 1  @a中国工业建筑遗产调查、研究与保护@9zhong guo gong ye jian zhu yi chan diao cha、yan jiu yu bao hu@h五@i2014年中国第五届工业建筑遗产学术研讨会论文集@f朱文一,刘伯英主编
210    @a北京@c清华大学出版社@d2015.10
215    @a531页@c图@d26cm
312    @a封底英文题名:Survey, research and conservation of Chinese industrial architecture heritage. 5, Collected papers of the fifth international academic conference on Chinese industrial architecture heritage, 2014
330    @a本书以工业建筑遗产调查、研究与保护为核心,主要内容包括以下几个方面:工业建筑遗产产生的背景、发展的过程及趋势;工业建筑遗产调查、研究与保护的方法和策略;我国工业城市工业遗产现状调查与评估;我国工业遗产具体案例的调查与研究;国外工业遗产研究与保护的案例分析工业建筑遗产与景观、政策法规等相关领域的跨学科研究。
510 1  @aSurvey, research and conservation of Chinese industrial architecture heritage@h5@iCollected papers of the fifth international academic conference on Chinese industrial architecture heritage, 2014@zeng
606 0  @a工业建筑@x文化遗产@x调查研究@y中国@z2014@j文集
690    @aTU27-53@v5
701  0 @a朱文一@9zhu wen yi@4主编
701  0 @a刘伯英@9liu bo ying@4主编
801  0 @aCN@b91MARC@c20171021
905    @b1032445-9@dTU27-53@f5@e1139:5
    
    中国工业建筑遗产调查、研究与保护.五.2014年中国第五届工业建筑遗产学术研讨会论文集/朱文一,刘伯英主编.-北京:清华大学出版社,2015.10
    531页:图;26cm
    
    
    ISBN 978-7-302-41443-8:CNY98.00
    本书以工业建筑遗产调查、研究与保护为核心,主要内容包括以下几个方面:工业建筑遗产产生的背景、发展的过程及趋势;工业建筑遗产调查、研究与保护的方法和策略;我国工业城市工业遗产现状调查与评估;我国工业遗产具体案例的调查与研究;国外工业遗产研究与保护的案例分析工业建筑遗产与景观、政策法规等相关领域的跨学科研究。
●
相关链接 在E读中查询图书 在五车中查询图书 在当当中查询图书 在豆瓣中查询图书


正题名:中国工业建筑遗产调查、研究与保护     索取号:TU27-53/1139:5         预约/预借

序号 登录号 条形码 馆藏地/架位号 状态 备注
1 1032445   210324451   第二样本阅览室/ [索取号:TU27-53/1139:5] 在馆    
2 1032446   210324460   密集书库-生命科学系/ [索取号:TU27-53/1139:5] 在馆    
3 1032447   210324479   第三借阅区/ [索取号:TU27-53/1139:5] 在馆    
4 1032448   210324488   第三借阅区/ [索取号:TU27-53/1139:5] 在馆    
5 1032449   210324497   第三借阅区/ [索取号:TU27-53/1139:5] 在馆    
唐山师范学院图书馆 欢迎您!
大连网信软件有限公司© 版权所有